| 000 | 00492nam a2200169 a 4500 | ||
|---|---|---|---|
| 001 | 000025478 | ||
| 005 | 20200930023821.0 | ||
| 008 | 110217s1995 dr 000 0 spa d | ||
| 040 |
_aDO-SdBNP _bspa _cBNPHU |
||
| 082 |
_axxxx _bV732a |
||
| 100 | 1 |
_aVillegas, Víctor M. _952113 |
|
| 245 | 1 | 0 |
_aAntonio Fernández Spencer poeta y humanista / _cVíctor M. Villegas. |
| 260 |
_aSanto Domingo : _b[s.n.], _c1995. |
||
| 300 |
_a33 p. ; _c21 cm. |
||
| 504 | _aBibliografía : p. 26 | ||
| 049 | _aBNPD | ||
| 999 |
_c24970 _d24970 |
||